000
00321 a2200145 4500
001
76033
020
_a
978-85-16-06842-4
040
_c
Anchieta - Colégio São Paulo
240
1
0
_a
Projeto araribá
_l
por
245
1
0
_a
Projeto araribá
300
_a
240
362
0
_a
2011
650
4
_a
Geografia e viagens
942
_c
BK
999
_c
76033
_d
76033